Statistics for Avenged Sevenfold Albums Discography Quiz

Click here to take the quiz!

General Stats

  • This quiz has been taken 9 times
  • The average score is 8 of 14

Answer Stats

HintAnswer% Correct
2013 - StudioHail to the King
89%
2010 - StudioNightmare
89%
2007 - StudioAvenged Sevenfold
78%
2005 - StudioCity of Evil
78%
2001 - StudioSounding the Seventh Trumpet
78%
2008 - CompilationDiamonds in the Rough
67%
2023 - StudioLife Is But a Dream…
67%
2016 - StudioThe Stage
67%
2018 - EPBlack Reign
44%
2003 - StudioWaken the Fallen
44%
2008 - LiveLive in the LBC
33%
2017 - LiveLive at the Grammy Museum
22%
2001 - EPWarmness on the Soul
22%
2016 - CompilationThe Best of 2005-2013
11%

Score Distribution

Percentile by Number Answered

Percent of People with Each Score

Your Score History

You have not taken this quiz